00469nam a2200133Ia 4500008004100000082001800041100001900059245006500078260004400143300001000187942001200197999001900209952010700228210430s9999 xx 000 0 und d a620.11 D167 E aIsaac M Daniel aEngineering Mechanics of Composite MaterialscIsaac M Daniel aNew YorkbOxford University Pressc1994 a395p. cBK2ddc c563907d563907 001040708NFICaSCMEbSCMEcGENd0000-00-00l0o620.11 D167 EpSCME-3076r2021-04-30w2021-04-30yBK